Online
Catalog

Madahib Al-Hukkam fi Nawazil Al-Ahkam : (Record no. 41296)

MARC details
000 -CABECERA
campo de control de longitud fija 00934nam a2200217 a 4500
001 - NÚMERO DE CONTROL
campo de control 000041807
005 - FECHA Y HORA DE LA ÚLTIMA TRANSACCIÓN
campo de control 20201002035751.0
008 - DATOS DE LONGITUD FIJA--INFORMACIÓN GENERAL
campo de control de longitud fija 131011s1998 sp 000 0 spa d
020 ## - NÚMERO INTERNACIONAL ESTÁNDAR DEL LIBRO
Número Internacional Estándar del Libro 8400077679
040 ## - FUENTE DE LA CATALOGACIÓN
Centro catalogador/agencia de origen DO-SdBNP
Lengua de catalogación spa
Centro/agencia transcriptor BNPHU
100 1# - ENTRADA PRINCIPAL--NOMBRE DE PERSONA
Nombre de persona Iyad, Muhammad B.
9 (RLIN) 68679
240 10 - TÍTULO UNIFORME
Título uniforme Madahib Al-Hukkam fi Nawazil Al-Ahkam
Lenguaje de la obra Español-Arabe
245 10 - MENCIÓN DE TÍTULO
Título Madahib Al-Hukkam fi Nawazil Al-Ahkam :
Resto del título (la actuación de los jueces en los procesos judiciales) /
Mención de responsabilidad, etc. Muhammad B. Iyad; traducción y estudio, Delfina Serrano.
260 ## - PUBLICACIÓN, DISTRIBUCIÓN, ETC.
Lugar de publicación, distribución, etc. Madrid, :
Nombre del editor, distribuidor, etc. Consejo Superior de Investigaciones Científicas,
-- Agencia Española de Cooperación Internacional,
Fecha de publicación, distribución, etc. 1998.
300 ## - DESCRIPCIÓN FÍSICA
Extensión 606 p. ;
Dimensiones 24 cm.
490 1# - MENCIÓN DE SERIE
Mención de serie Fuentes Arábico-Hispanas
Designación de volumen o secuencia 22
546 ## - NOTA DE LENGUA/LENGUAJE
Nota de lengua/lenguaje Texto en Arabe (maltes) y traducido al español
500 ## - NOTA GENERAL
Nota general Incluye notas a pie de páginas
700 1# - PUNTO DE ACCESO ADICIONAL--NOMBRE DE PERSONA
Nombre de persona Serrano, Delfina
Término indicativo de función/relación trad.
9 (RLIN) 68680
830 #0 - PUNTO DE ACCESO ADICIONAL DE SERIE-TÍTULO UNIFORME
Título uniforme Fuentes Arábico-Hispanas
Designación de volumen o secuencia 22
9 (RLIN) 65581
Holdings
Estado de retiro Estado de pérdida Restricciones de uso No para préstamo Código de colección Localización permanente Ubicación/localización actual Ubicación en estantería Fecha de adquisición Número de inventario Total de préstamos Signatura topográfica completa Código de barras Fecha visto por última vez Precio válido a partir de Tipo de ítem Koha
      Excluido de préstamo Monografías: Libros y Folletos General General En catalogación 17.10.2013 LF1   41807-10 25.06.2020 25.06.2020 No se presta

Powered by Koha